[Event "ASKOs Pinseturnering-B"]
[Site "Blindern"]
[Date "2002.05.18"]
[Round "1"]
[White "Dyrnes, Jussi"]
[Black "Flotten, Audun Brekke"]
[Result "1-0"]
[WhiteElo "1448"]
[BlackElo "1125"]
[PlyCount "27"]
[EventDate "2002.05.18"]
[EventType "swiss"]
[EventRounds "6"]
[EventCountry "NOR"]
[SourceTitle "EXT 2006"]
[Source "ChessBase"]
[SourceDate "2005.11.24"]
[SourceVersion "1"]
[SourceVersionDate "2005.11.24"]
[SourceQuality "1"]

1. e4 c6 2. Nf3 d5 3. Nc3 dxe4 4. Nxe4 Bf5 5. Ng3 Bg6 6. h4 h6 7. Ne5 Bh7 8. Qh5 g6 9. Bc4 Qxd2+ 10. Bxd2 gxh5 11. Bxf7+ Kd8 12. 0-0-0 Nf6 13. Ba5+ Kc8 14. Rd8# 1-0